Analytical skills : (Record no. 153410)

MARC details
000 -LEADER
fixed length control field 00541nam a22001937a 4500
005 - DATE AND TIME OF LATEST TRANSACTION
control field 20181217162614.0
010 ## - LCCN (DPL NO)
LC control number ENG-123386
020 ## - INTERNATIONAL STANDARD BOOK NUMBER
Terms of availability 199.00
International Standard Book Number 9789352832453
035 ## - SYSTEM CONTROL NUMBER
System control number EN-106918
037 ## - SOURCE OF ACQUISITION
Source of stock number/acquisition DBAD/PUB
082 ## - DEWEY DECIMAL CLASSIFICATION NUMBER
Classification number 510
100 ## - MAIN ENTRY--PERSONAL NAME
Personal name Thorpe, Showick
245 00 - TITLE STATEMENT
Title Analytical skills :
Statement of responsibility, etc by Thorpe, Showick
260 ## - PUBLICATION, DISTRIBUTION, ETC. (IMPRINT)
Place of publication, distribution, etc New Delhi
Name of publisher, distributor, etc S. Chand and Company
Date of publication, distribution, etc 2018
270 ## - ADDRESS
Address 7361, Ram Nagar,
City New Delhi
Postal code 110055
300 ## - PHYSICAL DESCRIPTION
Extent various pageing
Dimensions 27cm(pbk)
Other physical details ill.
942 ## - ADDED ENTRY ELEMENTS (KOHA)
Source of classification or shelving scheme Dewey Decimal Classification
Item type English Books
Call number suffix THO
Classification part 510
Holdings
Withdrawn status Lost status Not for loan Collection code Home library Current library Date acquired Source of acquisition Cost, normal purchase price Full call number Barcode Copy number Cost, replacement price Koha item type
      Non-fiction Shahdara Branch Shahdara Branch 05/07/2018 DBAD/PUB 199.00 510 THO EN-106918 1 199.00 English Books

© Delhi Public Library
Hit Counter
free hit counter